000
00241 a2200097 4500
001
43456
100
_a
Shakespeare
245
_a
Second Part of the History of Henry
260
_a
London
_b
Cambridge University Press
_c
090
_c
27279
_d
27279
942
_a
NUST-CAE
_c
M
_c
19201
999
_c
278529
_d
278529